000 00705nam a2200217 i 4500
001 bg
245 0 0 _aVademecum produktywności :
_bpraca zbiorowa /
_cpod red. Stanisława Lisa ; [aut. Stanisław Lis et al.].
260 _aWarszawa :
_b"Placet",
_c1999.
300 _a176 s. :
_bil. ;
_c21 cm.
504 _aBibliogr. przy pracach.
650 9 _aProduktywność (ekon.)
700 1 _aLIS, Stanisław
020 _a8285428429
040 _cBPK
041 0 _apol
080 _a658.1/.5.011
920 _a82-85428-42-9
942 _cKS
008 s pl f |000 0 pol
999 _c45202
_d45202
856 _uhttp://koha.tu.koszalin.pl/cgi-bin/koha/opac-detail.pl?biblionumber=45202
_yKatalog online BPK